000 00547nam a22001697a 4500
005 20251108165306.0
008 250721s1992 xx 000 0 ara d
082 1 4 _a631.7/بوس
100 1 _aبوستيل، ساندرا
245 1 0 _aمياه الزراعة التصدي للقيود :
_bالتصدي للقيود /
264 1 _aالقاهرة :
_bالدار الدولية للنشر و التوزيع،
_c1992.
300 _a75ص
650 1 7 _aالري
700 1 _aصابر، محمد
_eترجمة
942 _2ddc
_cBK
999 _c24305
_d24305